Statistics for Atlanta Hawks NBA Champions

Click here to take the quiz!

General Stats

  • This quiz has been taken 49 times
  • The average score is 3 of 10

Answer Stats

TitlesPlayer% Correct
1Bob Pettit
98%
1Cliff Hagan
47%
1Ed Macauley
31%
1Slater Martin
22%
1Walt Davis
18%
1Chuck Share
13%
1Jack McMahon
13%
1Jack Coleman
11%
1Med Park
4%
1Win Wilfong
4%

Score Distribution

Percentile by Number Answered

Percent of People with Each Score

Your Score History

You have not taken this quiz